Nommez une réponse valide- Football. - Statistiques

Statistiques générales
  • Ce quiz a été pris 5 244 fois
    2 229 depuis la dernière actualisation
  • Le résultat moyen est 9 sur 13
Statistiques - réponses
Questions Réponses % Correct
5 Entraineur ayant remporté au moins 2 ligues des champions. Carlo Ancelotti | Bob Paisley | Zinédine Zidane | Jose Mourinho | Pep Guardiola | Alex Ferguson
94%
5 Année durant laquelle le Brésil a remporté la coupe du monde. 1958 | 1962 | 1970 | 1994 | 2002
93%
3 L'un des 3 pays ou se déroulera la coupe du monde 2026. États-Unis | Mexique | Canada
91%
2 Joueur Français évoluant au FC Barcelone en 2022-2023. Jules Koundé | Ousmane Dembélé
87%
13 Joueur ayant joué en pro pour le Milan AC et l'Inter Milan Giuseppe | Meazza Ronaldo | Zlatan Ibrahimovic | Patrick Vieira | Andrea Pirlo | Clarence Seedorf | Francesco Coco | Leonardo Bonucci | Fulvio Collovati | Dario Simic | Francesco Toldo | Mario Balotelli | Hakan Çalhanoğlu
83%
10 Buteur Français lors d'une demi finale de coupe du monde. Just Fontaine | Roger PIANTONI | Michel PLATINI | Marius TRESOR | Alain GIRESSE | Lilian THURAM | Zinédine ZIDANE | Samuel UMTITI Théo Hernandez | Randal KOLO MUANI
83%
5 Club ayant remporté 2 ligues des champions (ou coupe des clubs champions) Juventus Turin | Benfica Lisbonne | Chelsea | Nottingham Forest | FC Porto
81%
5 Joueuse du top 5 des meilleures buteuses en équipe de France. Eugénie Le Sommer | Marinette Pichon | Marie-Laure Delie | Gaëtane Thiney | Wendy Renard
78%
4 Joueur ayant fini meilleur buteur de ligue 1 depuis 2010, mais qui n'évoluait pas au PSG. Alexandre LACAZETTE | Olivier GIROUD | Moussa SOW | Mamadou NIANG
77%
4 Joueuse ayant remportée le ballon d'or avant 2024. Ada Hegerberg | Megan Rapinoe | Alexia Putellas | Aitana Bonmatí
56%
8 Ville ou s'est déroulée une finale de ligue Europa depuis 2015. Séville | Gdansk | Cologne | Bakou | Décines-Charpieu | Solna | Bâle | Varsovie | Bilbao
46%
3 Club ayant été rétrogradé en Championship (ligue 2 anglaise) lors de la saison 2021-2022. Norwich City | Watford | Burnley
42%
4 Entraineur de l'Olympique Lyonnais lors de l'un des 7 titres de champions de France. Jacques Santini | Paul Le Guen | Gérard Houllier | Alain Perrin
22%
Aucun quiz correspondant
Distribution des résultats
% des personnes avec chaque résultat
Percentile par nombre de réponses
Votre historique - résultats
Vous n’avez pas pris ce quiz depuis la dernière actualisation